UBT Library

The practical stylist (Record no. 39314)

000 -LEADER
fixed length control field 00515cam a2200205 4500
001 - CONTROL NUMBER
control field 4078312
005 - DATE AND TIME OF LATEST TRANSACTION
control field 20171222040830.0
008 - FIXED-LENGTH DATA ELEMENTS--GENERAL INFORMATION
fixed length control field 721025s1973 nyu 000 0 eng
010 ## - LIBRARY OF CONGRESS CONTROL NUMBER
LC control number 72010863
020 ## - INTERNATIONAL STANDARD BOOK NUMBER
International Standard Book Number 0690650027
-- 0690650019 (paper)
040 ## - CATALOGING SOURCE
Original cataloging agency DLC
Transcribing agency DLC
Modifying agency DLC
041 ## - LANGUAGE CODE
Language code of text/sound track or separate title eng
080 ## - UNIVERSAL DECIMAL CLASSIFICATION NUMBER
Universal Decimal Classification number 808.042
082 00 - DEWEY DECIMAL CLASSIFICATION NUMBER
Classification number 808.042 BAK
100 1# - Rafti
Rafti 17
101 ## - Shkurtesa
Shkurtesa HIS
245 14 - TITLE STATEMENT
Title The practical stylist
Statement of responsibility, etc [by] Sheridan Baker.
906 ## - LOCAL DATA ELEMENT F, LDF (RLIN)
a 7
b cbc
c orignew
d 1
e ocip
f 19
g y-gencatlg
942 ## - ADDED ENTRY ELEMENTS (KOHA)
Source of classification or shelving scheme
Item type Books
Holdings
Withdrawn status Lost status Source of classification or shelving scheme Damaged status Not for loan Collection code Permanent location Current location Shelving location Date acquired Total Checkouts Full call number Barcode Date last seen Price effective from Koha item type
          Koleksioni i përgjithshem UBT - Lipjan UBT - Lipjan Koleksioni i përgjithshem 12/22/2017   808.042 BAK 002-29944 12/22/2017 12/22/2017 Books
UBT Library © 2015-2024. All rights reserved University Education for Business and Technology